000 01550cam a22003497a 4500
001 6441
003 FISKH
005 20250611152011.0
008 120403s2013 flua b 000 0 eng d
010 _a 2012936794
020 _a9781618101938 (alk. paper)
020 _a1618101935 (alk. paper)
020 _a9781618103260 (soft cover)
020 _a1618103261 (soft cover)
040 _aBTCTA
_beng
_cBTCTA
050 _aPZ7.K83574 P
082 _a813.54
100 1 _aKoontz, Robin.
245 1 0 _aPaul Bunyan /
_cwritten and illustrated by Robin Koontz.
260 _aVero Beach :
_bRourke Educational Media,
_c2013.
300 _a24 pages :
_bcolor illustrations ;
_c21 cm
490 0 _aLittle birdie books
505 _aM
520 _aPaul And Babe Are Summoned To Help The People Of Shadowtown Move Their House To The Sunny Side Of The Mountain. But Babe's Strength Kept Hurling The Houses Too Far So A Young Boy Named Ezra Devises A Plan To Tempt Babe With A Basket Of Apples That Help Her To Slowly Push The Houses To The Exact Spot They Wanted. All The Houses Were Moved And They Celebrated While Babe Takes A Nap. Teaching Focus, Words To Know Before You Read, Comprehension And Extension Activities. Inside Front And Back Cover Parent And Teacher Support
521 8 _a530
_bLexile
521 8 _aM
_bRaz-Plus
600 1 0 _aBunyan, Paul
_c(Legendary character)
_vJuvenile fiction.
650 0 _aReaders (Primary)
906 _a7
_bcbc
_ccopycat
_d2
_eepcn
_f20
_gy-gencatlg
942 _2ddc
_cBK
_n0
999 _c6441
_d6441